000 00600nam a22001937a 4500
003 OSt
005 20260624120240.0
008 260624b |||||||| |||| 00| 0 eng d
020 _a0-325-0058-4
040 _cChuka University Library
050 _aLB 1050 45
_b.H37 2005
100 _aHarvey Stephanie
_927917
245 _aThe comprehension toolkit language andlessons for active literacy
_bExtend and investigate
260 _aNew York
_bFirsthand
_c2005
300 _a144
_bIllustrations
650 _aReading comprehension
_927306
650 _aReading(elementary)
_931009
942 _2lcc
_cBK
_n0
999 _c25128
_d25128